000 00838nam a2200253Ia 4500
003 OSt
005 20221005112830.0
006 a|||||r|||| 00| 0
007 ta
008 221004b |||||||| |||| 00| 0 pan d
020 _c400
024 _a116294
037 _b577, 04/02/2012, H.K. Prakashan
_cTextual
040 _aCRL
_cCRL
_bpan
041 _2pan
_apan
082 _aO11195,1:g, 153N6
100 _aਅਰੀ, ਗੁਰਚਰਨ ਸਿੰਘ
245 0 _aਪੱਛਮੀ ਕਾਵਿ ਾਸਤ੍ਰ
260 _aਦਿੱਲੀ
_bਆਰਸੀ ਭਾਰਤ
_c1996
300 _a528ਪੰ
_ccm.
650 _aਪੰਜਾਬੀ ਸਾਹਿਤ
942 _hO11195,1:g, 153N6
_cTEXL
_2cc
999 _c1026129
_d1026129